ARRUPE JESUIT UNIVERSITY

CORONAVIRUS -STOP THE SPREAD - CLEAN,DISINFECT,COVER

Through the darkness (Record no. 66894)

MARC details
000 -LEADER
fixed length control field 00570nam a2200229Ia 4500
003 - CONTROL NUMBER IDENTIFIER
control field 0100
005 - DATE AND TIME OF LATEST TRANSACTION
control field 20170602101627.0
008 - FIXED-LENGTH DATA ELEMENTS--GENERAL INFORMATION
fixed length control field 130303s9999 xx 000 0 und d
020 ## - INTERNATIONAL STANDARD BOOK NUMBER
International Standard Book Number 9781770220027 177022002X
040 ## - CATALOGING SOURCE
Transcribing agency ARRUPELIB
050 ## - LIBRARY OF CONGRESS CALL NUMBER
Classification number DT2999.T63A3
300 ## - PHYSICAL DESCRIPTION
Other physical details 460 p. 8 p. of plates : ill. 23 cm.
100 ## - MAIN ENTRY--PERSONAL NAME
Personal name Todd, Judith Garfield
9 (RLIN) 32008
245 ## - TITLE STATEMENT
Title Through the darkness
245 ## - TITLE STATEMENT
Remainder of title a life in Zimbabwe
260 ## - PUBLICATION, DISTRIBUTION, ETC. (IMPRINT)
Name of publisher, distributor, etc Zebra Press
Place of publication, distribution, etc Cape Town
Date of publication, distribution, etc 2007
300 ## - PHYSICAL DESCRIPTION
Extent xii
600 ## - SUBJECT ADDED ENTRY--PERSONAL NAME
Personal name Todd, Judith Garfield,
Dates associated with a name 1943-
9 (RLIN) 32009
650 ## - SUBJECT ADDED ENTRY--TOPICAL TERM
Topical term following geographic name as entry element Political activists
General subdivision Biography
Geographic subdivision Zimbabwe
9 (RLIN) 32010
650 ## - SUBJECT ADDED ENTRY--TOPICAL TERM
Topical term following geographic name as entry element Zimbabwe
General subdivision Social conditions
Chronological subdivision 1980-
9 (RLIN) 32011
650 ## - SUBJECT ADDED ENTRY--TOPICAL TERM
Topical term following geographic name as entry element Zimbabwe
General subdivision Politics and government
Chronological subdivision 1980-
9 (RLIN) 31935
942 ## - ADDED ENTRY ELEMENTS (KOHA)
Source of classification or shelving scheme Library of Congress Classification
Koha issues (borrowed), all copies 2
Koha item type Monograph ( Printed materials)
Holdings
Withdrawn status Lost status Source of classification or shelving scheme Damaged status Not for loan Collection code Home library Current library Shelving location Date acquired Total Checkouts Full call number Barcode Date last seen Date checked out Copy number Price effective from Koha item type
    Library of Congress Classification     Main Collection ARRUPE LIBRARY ARRUPE LIBRARY   05/03/2013 3 DT2999.T63A3 46004003612 21/05/2025 02/05/2025 1 05/03/2013 Monograph ( Printed materials)
    Library of Congress Classification     SPECIAL Collection ARRUPE LIBRARY ARRUPE LIBRARY Main Collection 23/04/2014   SPC DT2999.T63C518 2007 46500001639 23/04/2014   3 23/04/2014 REFERENCE
    Library of Congress Classification     Main Collection ARRUPE LIBRARY ARRUPE LIBRARY Main Collection 30/10/2018 2 DT2999.T63 A3 46600003035 31/10/2019 24/10/2019   30/10/2018 Monograph ( Printed materials)

 

Arrupe Library. PO Box MP320 Mt Pleasant, Harare, Zimbabwe
263 242 745411|librarian@aju.ac.zw